[Event "Belgrade Radnicki"]
[Site "Belgrade"]
[Date "2019.12.10"]
[Round "8"]
[White "Ivanov, Timur"]
[Black "Ivanovic, Marko"]
[Result "1-0"]
[WhiteElo "2327"]
[BlackElo "2221"]
[PlyCount "107"]
[EventDate "2019.12.03"]
[EventType "tourn"]
[EventRounds "9"]
[EventCountry "SRB"]
[SourceTitle "CBM 193 Extra"]
[Source "ChessBase"]
[SourceDate "2020.01.31"]
[SourceVersion "1"]
[SourceVersionDate "2020.01.31"]
[SourceQuality "1"]

1. d4 Nf6 2. Nf3 g6 3. Nc3 d5 4. Bf4 a6 5. h3 Bg7 6. e3 0-0 7. Bd3 c5 8. 0-0 c4 9. Be2 b5 10. Ne5 Ne4 11. a4 f6 12. Nf3 Bb7 13. Qe1 Nd7 14. axb5 Nxc3 15. Qxc3 axb5 16. Qb4 Bc6 17. Rxa8 Qxa8 18. Qxe7 Re8 19. Qb4 Qa2 20. Bd6 Ra8 21. Qc3 Bf8 22. Bxf8 Kxf8 23. b3 Qa3 24. Rb1 Kf7 25. Qe1 Qa2 26. Qd1 Nb6 27. Ne1 Nc8 28. bxc4 bxc4 29. Bf3 Ke6 30. g3 Nd6 31. Ng2 g5 32. h4 h6 33. c3 Nb5 34. Rc1 Qb2 35. Qe1 Kd6 36. hxg5 hxg5 37. e4 dxe4 38. Ne3 Ra4 39. Be2 Na3 40. d5 Bd7 41. g4 Kc7 42. Kg2 Ra8 43. Bxc4 Rh8 44. d6+ Kd8 45. Be2 Ba4 46. Ra1 Bc6 47. Rc1 Ba4 48. Kg1 Bc6 49. Bf1 Kd7 50. Rd1 Nc2 51. Qd2 Ba4 52. Qd5 Rf8 53. Qf5+ Kd8 54. Qa5+ 1-0

[Event "Belgrade Radnicki"]
[Site "Belgrade"]
[Date "2019.12.07"]
[Round "5"]
[White "Maric, Dragan"]
[Black "Ivanov, Timur"]
[Result "0-1"]
[WhiteElo "2161"]
[BlackElo "2327"]
[PlyCount "84"]
[EventDate "2019.12.03"]
[EventType "tourn"]
[EventRounds "9"]
[EventCountry "SRB"]
[SourceTitle "CBM 193 Extra"]
[Source "ChessBase"]
[SourceDate "2020.01.31"]
[SourceVersion "1"]
[SourceVersionDate "2020.01.31"]
[SourceQuality "1"]

1. Nf3 d5 2. c4 e6 3. d4 c6 4. Nc3 dxc4 5. a4 Bb4 6. e3 b5 7. Bd2 a5 8. Ne5 Nf6 9. Be2 Bd7 10. Bf3 Ra6 11. 0-0 0-0 12. Qc2 Be7 13. Nxd7 Qxd7 14. Ne4 Nd5 15. axb5 cxb5 16. Bxa5 Nc6 17. Bc3 Rxa1 18. Rxa1 Rc8 19. Nc5 Bxc5 20. dxc5 Qe7 21. Bxd5 exd5 22. Bd4 Qd7 23. Rd1 Qe6 24. h3 Ra8 25. Kf1 f6 26. b3 b4 27. e4 dxe4 28. bxc4 Rd8 29. Be3 Rxd1+ 30. Qxd1 Qxc4+ 31. Qe2 Qd5 32. Qd2 Qxd2 33. Bxd2 Kf7 34. Ke2 Ke6 35. Be3 Kd5 36. Kd2 Kc4 37. Kc2 Na5 38. g4 g6 39. Kb2 f5 40. gxf5 gxf5 41. h4 Kb5 42. Kc2 Nb7 0-1

[Event "Belgrade Radnicki"]
[Site "Belgrade"]
[Date "2019.12.06"]
[Round "4"]
[White "Ivanov, Timur"]
[Black "Skare, Goran"]
[Result "1/2-1/2"]
[WhiteElo "2327"]
[BlackElo "2235"]
[PlyCount "52"]
[EventDate "2019.12.03"]
[EventType "tourn"]
[EventRounds "9"]
[EventCountry "SRB"]
[SourceTitle "CBM 193 Extra"]
[Source "ChessBase"]
[SourceDate "2020.01.31"]
[SourceVersion "1"]
[SourceVersionDate "2020.01.31"]
[SourceQuality "1"]

1. d4 d5 2. c4 c6 3. Nf3 Nf6 4. e3 e6 5. Bd3 Nbd7 6. b3 Bd6 7. Bb2 0-0 8. 0-0 b6 9. Nbd2 Bb7 10. Qe2 Qe7 11. Ne5 Ba3 12. Bc3 Bb4 13. Bxb4 Qxb4 14. Nxd7 Nxd7 15. e4 Rfd8 16. Nf3 dxe4 17. Bxe4 Nf6 18. Rac1 a5 19. Rfe1 a4 20. bxa4 Qxa4 21. Rb1 Qxa2 22. Qxa2 Rxa2 23. Rxb6 Nxe4 24. Rxe4 Ba6 25. c5 Be2 26. h3 Bxf3 1/2-1/2

[Event "Belgrade Trophy 33rd"]
[Site "Belgrade"]
[Date "2019.11.30"]
[Round "7"]
[White "Ivanov, Timur"]
[Black "Rajkovic, Mladen"]
[Result "0-1"]
[WhiteElo "2327"]
[BlackElo "2377"]
[PlyCount "122"]
[EventDate "2019.11.24"]
[EventType "swiss"]
[EventRounds "9"]
[EventCountry "SRB"]
[SourceTitle "CBM 193 Extra"]
[Source "ChessBase"]
[SourceDate "2020.01.31"]
[SourceVersion "1"]
[SourceVersionDate "2020.01.31"]
[SourceQuality "1"]

1. Nf3 Nf6 2. c4 g6 3. Nc3 d5 4. cxd5 Nxd5 5. Qb3 Nb6 6. d4 Bg7 7. Bf4 Be6 8. Qa3 0-0 9. e3 a5 10. Rc1 Nc6 11. Be2 Nb4 12. b3 c6 13. 0-0 N4d5 14. Bg3 Nxc3 15. Rxc3 Bd5 16. Rd1 Nc8 17. Rcc1 Bh6 18. Ne5 Nd6 19. Nd3 Nf5 20. Bf4 g5 21. Be5 f6 22. Bg3 Nxg3 23. hxg3 f5 24. g4 e6 25. Qb2 f4 26. Qd2 Bg7 27. Nc5 fxe3 28. Qxe3 Qe7 29. Bc4 Rae8 30. Re1 Qf7 31. Nd3 h6 32. f3 a4 33. Ne5 Qf4 34. bxa4 Qxe3+ 35. Rxe3 Rf4 36. Bxd5 exd5 37. Rd1 Bxe5 38. dxe5 Rxa4 39. Rb1 Re7 40. a3 Kf7 41. g3 Ke6 42. Rb4 Rxb4 43. axb4 d4 44. Re1 Rf7 45. Kf2 b6 46. Rh1 Kxe5 47. Rxh6 Kd5 48. Rg6 Re7 49. Rxg5+ Kc4 50. Rg6 c5 51. bxc5 bxc5 52. Rd6 Kd3 53. f4 c4 54. f5 Rc7 55. f6 c3 56. Re6 c2 57. Re1 Kd2 58. g5 Rf7 59. Re7 Rf8 60. Re2+ Kc3 61. Re1 d3 0-1

[Event "Belgrade Trophy 33rd"]
[Site "Belgrade"]
[Date "2019.11.29"]
[Round "6"]
[White "Antic, Dejan"]
[Black "Ivanov, Timur"]
[Result "1/2-1/2"]
[WhiteElo "2463"]
[BlackElo "2327"]
[PlyCount "34"]
[EventDate "2019.11.24"]
[EventType "swiss"]
[EventRounds "9"]
[EventCountry "SRB"]
[SourceTitle "CBM 193 Extra"]
[Source "ChessBase"]
[SourceDate "2020.01.31"]
[SourceVersion "1"]
[SourceVersionDate "2020.01.31"]
[SourceQuality "1"]

1. d4 d5 2. c4 e6 3. Nf3 c6 4. Qc2 dxc4 5. Qxc4 Nf6 6. g3 b5 7. Qb3 Bb7 8. Bg2 a6 9. Be3 Nbd7 10. Ne5 Nxe5 11. dxe5 Nd7 12. 0-0 Be7 13. Nc3 Nxe5 14. Ne4 0-0 15. Nc5 Qc7 16. Rac1 Bxc5 17. Bxc5 Rfd8 1/2-1/2

[Event "Belgrade Trophy 33rd"]
[Site "Belgrade"]
[Date "2019.11.28"]
[Round "5"]
[White "Ivanov, Timur"]
[Black "Gavriilidis, Georgios"]
[Result "1-0"]
[WhiteElo "2327"]
[BlackElo "2173"]
[PlyCount "131"]
[EventDate "2019.11.24"]
[EventType "swiss"]
[EventRounds "9"]
[EventCountry "SRB"]
[SourceTitle "CBM 193 Extra"]
[Source "ChessBase"]
[SourceDate "2020.01.31"]
[SourceVersion "1"]
[SourceVersionDate "2020.01.31"]
[SourceQuality "1"]

1. d4 Nf6 2. Nf3 g6 3. Nc3 d5 4. Bf4 c6 5. h3 Qa5 6. Qd2 b5 7. a3 Qb6 8. e3 Bf5 9. Bd3 h6 10. Qe2 Nbd7 11. 0-0 Bg7 12. e4 dxe4 13. Nxe4 Bxe4 14. Bxe4 0-0 15. Bd3 Rfe8 16. c3 Nd5 17. Bh2 e6 18. Rfe1 a6 19. a4 Qd8 20. Be4 N7b6 21. axb5 axb5 22. Ne5 Qc8 23. Qf3 Qb7 24. Rxa8 Rxa8 25. h4 Nc4 26. h5 Nd2 27. Qe2 Nxe4 28. Qxe4 Nf6 29. Qxc6 Qxc6 30. Nxc6 Nxh5 31. Kf1 Nf6 32. Ke2 Ra2 33. Rb1 Bf8 34. Kd3 Nd5 35. Kc2 Nb6 36. Kb3 Ra8 37. Rd1 Nd5 38. Bg3 g5 39. Ne5 Bd6 40. Nd3 Bxg3 41. fxg3 Kg7 42. Nb4 Ne3 43. Re1 Nf5 44. g4 Nh4 45. Re2 Ra1 46. d5 exd5 47. Nxd5 Ra4 48. Nb4 Ng6 49. c4 Nf4 50. Rd2 Ra5 51. c5 Ne6 52. Rd5 Kf8 53. c6 Ra1 54. Kc3 Rc1+ 55. Nc2 Ke7 56. Rd2 Rf1 57. Kb4 Rb1 58. Ne3 Re1 59. Nf5+ Kf6 60. Kxb5 h5 61. Nd4 Nc7+ 62. Kb6 Nd5+ 63. Kc5 Ne3 64. gxh5 Rc1+ 65. Kb5 Nc4 66. Rc2 1-0

[Event "Khanty-Mansiysk Governor Cup 7th"]
[Site "Khanty-Mansiysk"]
[Date "2011.09.07"]
[Round "8"]
[White "Ivanov, Timur"]
[Black "Mokhorev, Sergei"]
[Result "1-0"]
[WhiteElo "2325"]
[BlackElo "2079"]
[PlyCount "77"]
[EventDate "2011.08.31"]
[EventType "swiss"]
[EventRounds "9"]
[EventCountry "RUS"]
[SourceTitle "CBM 144 Extra"]
[Source "ChessBase"]
[SourceDate "2011.10.28"]
[SourceVersion "1"]
[SourceVersionDate "2011.10.28"]
[SourceQuality "1"]

1. Nf3 Nf6 2. g3 g6 3. Bg2 Bg7 4. 0-0 0-0 5. c4 d6 6. d4 c6 7. Nc3 Nbd7 8. h3 e5 9. e4 Ne8 10. Be3 Qe7 11. Re1 Nc7 12. Qd2 b5 13. cxb5 Nxb5 14. Nxb5 cxb5 15. Qb4 a6 16. Rad1 Re8 17. Bg5 f6 18. Bc1 Bb7 19. a4 Bc6 20. d5 Bb7 21. axb5 axb5 22. Be3 Nc5 23. Bxc5 dxc5 24. Qxb5 Ba6 25. Qb3 Reb8 26. Qc2 Qd6 27. Bf1 Bxf1 28. Rxf1 Ra2 29. Rb1 Qb6 30. Qc4 Rxb2 31. Rxb2 Qxb2 32. d6+ Kh8 33. d7 Qb6 34. Rd1 Rd8 35. Qf7 Qc6 36. Qe7 Qc7 37. Rd5 c4 38. Rc5 Qb8 39. Qxd8+ 1-0

[Event "Khanty-Mansiysk Governor Cup 7th"]
[Site "Khanty-Mansiysk"]
[Date "2011.09.05"]
[Round "6"]
[White "Ivanov, Timur"]
[Black "Sazonova, Elena"]
[Result "0-1"]
[WhiteElo "2325"]
[BlackElo "2131"]
[PlyCount "128"]
[EventDate "2011.08.31"]
[EventType "swiss"]
[EventRounds "9"]
[EventCountry "RUS"]
[SourceTitle "CBM 144 Extra"]
[Source "ChessBase"]
[SourceDate "2011.10.28"]
[SourceVersion "1"]
[SourceVersionDate "2011.10.28"]
[SourceQuality "1"]

1. Nf3 Nf6 2. g3 g6 3. d4 d5 4. Bg2 Bg7 5. 0-0 0-0 6. c4 dxc4 7. Na3 c3 8. bxc3 c5 9. Qb3 Nc6 10. Rd1 Na5 11. Qb2 Qb6 12. Ne5 Be6 13. Nd3 Qxb2 14. Bxb2 cxd4 15. cxd4 Bd5 16. Bc3 Nc6 17. f3 Nh5 18. e3 f5 19. Bb2 Rfd8 20. Kf2 Rac8 21. h3 Na5 22. g4 Nf6 23. g5 Ne8 24. Nb4 Bf7 25. Nd3 Nd6 26. Bf1 Nac4 27. Nxc4 Nxc4 28. Rab1 Nxb2 29. Rxb2 b6 30. f4 Rc3 31. Bg2 Ra3 32. Rdd2 Rc8 33. Nb4 Bc4 34. Rbc2 b5 35. Bf1 e6 36. Nd3 Bf8 37. Ne5 Ra4 38. Bd3 Bd6 39. Nxc4 bxc4 40. Be2 Kf7 41. Rd1 Ba3 42. Rb1 Rc7 43. Rc3 Ke7 44. Bd1 Rb4 45. Bb3 Kd6 46. Bc2 Bb2 47. Rxb2 Rxb2 48. a3 Rc6 49. Ke2 Kd5 50. Kd2 Ra6 51. Kc1 Ra2 52. a4 Rxc2+ 53. Rxc2 Rxa4 54. Rb2 c3 55. Rb7 Kc4 56. d5 exd5 57. Rd7 Ra2 58. Kb1 Re2 59. Rxh7 Rxe3 60. h4 Kd3 61. h5 gxh5 62. Rxh5 Re1+ 63. Ka2 c2 64. Rh3+ Kc4 0-1

[Event "Khanty-Mansiysk Governor Cup 7th"]
[Site "Khanty-Mansiysk"]
[Date "2011.08.31"]
[Round "1"]
[White "Lipatov, Vladislav"]
[Black "Ivanov, Timur"]
[Result "0-1"]
[WhiteElo "1607"]
[BlackElo "2325"]
[PlyCount "74"]
[EventDate "2011.08.31"]
[EventType "swiss"]
[EventRounds "9"]
[EventCountry "RUS"]
[SourceTitle "CBM 144 Extra"]
[Source "ChessBase"]
[SourceDate "2011.10.28"]
[SourceVersion "1"]
[SourceVersionDate "2011.10.28"]
[SourceQuality "1"]

1. e4 c5 2. Nf3 Nc6 3. d4 cxd4 4. Nxd4 Nf6 5. Nc3 d6 6. Bg5 e6 7. Bb5 Bd7 8. Bxc6 bxc6 9. e5 Qa5 10. 0-0 Qxe5 11. f4 Qa5 12. Re1 Be7 13. Qe2 0-0 14. Ne4 Qd8 15. Rad1 d5 16. Bxf6 Bxf6 17. Nxf6+ Qxf6 18. Qf2 a5 19. c3 a4 20. a3 Rab8 21. Qd2 Rb7 22. Nf3 Rfb8 23. Rb1 Qd8 24. Ne5 Be8 25. Nd3 Qb6+ 26. Kh1 c5 27. Qf2 Bb5 28. Qe3 Bxd3 29. Qxd3 c4 30. Qd2 Qc5 31. Qc2 g6 32. h3 Rb3 33. Re2 Qb6 34. Qd1 Rxc3 35. bxc3 Qxb1 36. Qxb1 Rxb1+ 37. Kh2 Rb3 0-1

[Event "Ulaanbaatar"]
[Site "Ulaanbaatar"]
[Date "2009.05.23"]
[Round "9"]
[White "Ivanov, Timur"]
[Black "Batchimeg, Tuvshintugs"]
[Result "0-1"]
[WhiteElo "2359"]
[BlackElo "2286"]
[PlyCount "76"]
[EventDate "2009.05.19"]
[EventType "tourn"]
[EventRounds "10"]
[EventCountry "MGL"]
[EventCategory "4"]
[SourceTitle "CBM 130 Extra"]
[Source "ChessBase"]
[SourceDate "2009.07.02"]
[SourceVersion "2"]
[SourceVersionDate "2009.07.15"]
[SourceQuality "1"]

1. d4 Nf6 2. c4 e6 3. Nf3 b6 4. g3 Bb7 5. Bg2 c5 6. d5 exd5 7. Nh4 Be7 8. Nf5 0-0 9. Nc3 d6 10. Bg5 Nbd7 11. Nxe7+ Qxe7 12. Nxd5 Bxd5 13. Bxd5 Rab8 14. 0-0 h6 15. Bxf6 Nxf6 16. Bg2 b5 17. cxb5 Rxb5 18. b3 a5 19. Qd3 Rb4 20. Rac1 d5 21. e3 d4 22. exd4 cxd4 23. Rc4 Rd8 24. Rfc1 Rxc4 25. Rxc4 Qe1+ 26. Bf1 Ne4 27. Qe2 Qxe2 28. Bxe2 Nc3 29. Bd3 Nxa2 30. Ra4 Nb4 31. Bf1 d3 32. Ra1 Rc8 33. Rd1 Rc3 34. Rb1 d2 35. Rd1 Rc2 36. Kg2 Na2 37. Bd3 Rb2 38. Kf3 Nc3 0-1

[Event "Ulaanbaatar"]
[Site "Ulaanbaatar"]
[Date "2009.05.23"]
[Round "8"]
[White "Khatanbaatar, Bazar"]
[Black "Ivanov, Timur"]
[Result "1-0"]
[WhiteElo "2403"]
[BlackElo "2359"]
[PlyCount "127"]
[EventDate "2009.05.19"]
[EventType "tourn"]
[EventRounds "10"]
[EventCountry "MGL"]
[EventCategory "4"]
[SourceTitle "CBM 130 Extra"]
[Source "ChessBase"]
[SourceDate "2009.07.02"]
[SourceVersion "2"]
[SourceVersionDate "2009.07.15"]
[SourceQuality "1"]

1. e4 c6 2. c4 d5 3. exd5 cxd5 4. cxd5 Nf6 5. Qa4+ Nbd7 6. Qb3 g6 7. Nc3 Bg7 8. Bc4 0-0 9. Nf3 Nc5 10. Qa3 Na6 11. d3 Nc7 12. Qb3 b6 13. Bf4 Bb7 14. Bxc7 Qxc7 15. 0-0 a6 16. a4 Rac8 17. Rfe1 Ne8 18. Ne4 Nd6 19. Nxd6 Qxd6 20. Nd2 Bd4 21. Re4 Bf6 22. Re2 Qc7 23. Rae1 Rb8 24. Ne4 Be5 25. h3 Bc8 26. Qb4 b5 27. axb5 axb5 28. Bb3 Bf5 29. d6 exd6 30. d4 Bxe4 31. dxe5 d5 32. Qd4 Qb6 33. Qxb6 Rxb6 34. Rd2 b4 35. Kh2 Rc8 36. g4 h5 37. Re3 hxg4 38. hxg4 g5 39. Kg3 Kg7 40. f3 Bg6 41. Rxd5 Bc2 42. Rd6 Rb5 43. Bd5 Rcc5 44. e6 fxe6 45. Rd7+ Kf8 46. Bxe6 Re5 47. Rxe5 Rxe5 48. Bc4 b3 49. Rb7 Bd1 50. Bxb3 Bxb3 51. Rxb3 Kf7 52. Kf2 Kf6 53. Re3 Rb5 54. b3 Rb4 55. Ke2 Rd4 56. Re4 Rd5 57. b4 Rb5 58. Kd3 Rb8 59. Kc4 Rc8+ 60. Kb3 Rb8 61. Kc4 Rc8+ 62. Kd5 Rc3 63. b5 Rxf3 64. b6 1-0

[Event "Ulaanbaatar"]
[Site "Ulaanbaatar"]
[Date "2009.05.22"]
[Round "6"]
[White "Erkhembayar, Duurenbayar"]
[Black "Ivanov, Timur"]
[Result "1/2-1/2"]
[WhiteElo "2343"]
[BlackElo "2359"]
[PlyCount "76"]
[EventDate "2009.05.19"]
[EventType "tourn"]
[EventRounds "10"]
[EventCountry "MGL"]
[EventCategory "4"]
[SourceTitle "CBM 130 Extra"]
[Source "ChessBase"]
[SourceDate "2009.07.02"]
[SourceVersion "2"]
[SourceVersionDate "2009.07.15"]
[SourceQuality "1"]

1. d4 Nf6 2. Nf3 c5 3. e3 d5 4. c3 Qc7 5. Bd3 Bg4 6. h3 Bxf3 7. Qxf3 Nc6 8. 0-0 e6 9. Nd2 Rc8 10. Re1 Be7 11. dxc5 Bxc5 12. e4 0-0 13. Qe2 Ne5 14. Bb1 Rfe8 15. Nb3 Bf8 16. Bf4 Bd6 17. Bg3 dxe4 18. Bxe4 Nxe4 19. Qxe4 Nc4 20. Bxd6 Nxd6 21. Qe3 Nc4 22. Qe2 h6 23. Nd4 a6 24. b3 Nd6 25. c4 Qc5 26. Rad1 Red8 27. Nf3 b5 28. cxb5 axb5 29. Ne5 Nf5 30. Qh5 g6 31. Qf3 Rxd1 32. Qxd1 h5 33. Qd7 Rc7 34. Qd8+ Kg7 35. Nd7 Qd6 36. Qf6+ Kg8 37. Qd8+ Kg7 38. Qf6+ Kg8 1/2-1/2

[Event "Ulaanbaatar"]
[Site "Ulaanbaatar"]
[Date "2009.05.19"]
[Round "1"]
[White "Ivanov, Timur"]
[Black "Erkhembayar, Duurenbayar"]
[Result "1/2-1/2"]
[WhiteElo "2359"]
[BlackElo "2343"]
[PlyCount "107"]
[EventDate "2009.05.19"]
[EventType "tourn"]
[EventRounds "10"]
[EventCountry "MGL"]
[EventCategory "4"]
[SourceTitle "CBM 130 Extra"]
[Source "ChessBase"]
[SourceDate "2009.07.02"]
[SourceVersion "2"]
[SourceVersionDate "2009.07.15"]
[SourceQuality "1"]

1. d4 d5 2. c4 c6 3. Nf3 Nf6 4. Qc2 e6 5. Bg5 h6 6. Bh4 Nbd7 7. e3 Be7 8. Nc3 0-0 9. cxd5 exd5 10. Bd3 Re8 11. 0-0 Ne4 12. Bxe7 Qxe7 13. Bxe4 dxe4 14. Nd2 Nf6 15. Rab1 b6 16. Qa4 Bd7 17. Qa3 Qxa3 18. bxa3 Rac8 19. Nc4 Re6 20. Rfc1 c5 21. d5 Re7 22. a4 Rf8 23. h3 Bc8 24. Rd1 Ba6 25. d6 Re6 26. Nb5 Rd8 27. a5 bxa5 28. a4 Kf8 29. Rb2 Ne8 30. Rd5 Bxb5 31. Rxb5 Nxd6 32. Rbxc5 Nb7 33. Rxd8+ Nxd8 34. Rc8 Ke8 35. Nxa5 Kd7 36. Rc4 f5 37. Rc5 g6 38. Nb3 Nb7 39. Rc1 Rc6 40. Rd1+ Rd6 41. Nd4 Nc5 42. Ra1 Ra6 43. a5 Nb7 44. Nb3 Kc6 45. g4 fxg4 46. hxg4 Kb5 47. Nd4+ Kc4 48. Rc1+ Kd5 49. Nb3 Rc6 50. Rd1+ Kc4 51. Rc1+ Kd5 52. Rd1+ Kc4 53. Rc1+ Kd5 54. Rd1+ 1/2-1/2

[Event "RUS-chT2"]
[Site "Sochi"]
[Date "2004.04.26"]
[Round "7.2"]
[White "Ivanov, Timur"]
[Black "Tunik, Gennady"]
[Result "1/2-1/2"]
[WhiteElo "2419"]
[BlackElo "2487"]
[PlyCount "49"]
[EventDate "2004.04.20"]
[EventType "team-tourn"]
[EventRounds "9"]
[EventCountry "RUS"]
[SourceTitle "CBM 100 Extra"]
[Source "ChessBase"]
[SourceDate "2004.07.06"]
[SourceVersion "2"]
[SourceVersionDate "2004.07.06"]
[SourceQuality "1"]
[WhiteTeam "06"]
[BlackTeam "01"]
[WhiteTeamCountry "RUS"]
[BlackTeamCountry "RUS"]

1. Nf3 Nf6 2. c4 e6 3. Nc3 Bb4 4. Qc2 0-0 5. a3 Bxc3 6. Qxc3 b6 7. b3 Bb7 8. Bb2 d6 9. e3 Nbd7 10. Be2 c5 11. 0-0 Qe7 12. d4 Rac8 13. Rad1 d5 14. dxc5 Nxc5 15. Ba1 dxc4 16. Bxc4 Nce4 17. Qb2 b5 18. Bd3 a5 19. b4 axb4 20. Qxb4 Qxb4 21. axb4 Nc3 22. Bxc3 Rxc3 23. Bxb5 Bxf3 24. gxf3 Nd5 25. Rb1 1/2-1/2

[Event "RUS-chT2"]
[Site "Sochi"]
[Date "2004.04.24"]
[Round "5.2"]
[White "Petrushin, Alexander I"]
[Black "Ivanov, Timur"]
[Result "0-1"]
[WhiteElo "2487"]
[BlackElo "2419"]
[PlyCount "64"]
[EventDate "2004.04.20"]
[EventType "team-tourn"]
[EventRounds "9"]
[EventCountry "RUS"]
[SourceTitle "CBM 100 Extra"]
[Source "ChessBase"]
[SourceDate "2004.07.06"]
[SourceVersion "2"]
[SourceVersionDate "2004.07.06"]
[SourceQuality "1"]
[WhiteTeam "09"]
[BlackTeam "06"]
[WhiteTeamCountry "RUS"]
[BlackTeamCountry "RUS"]

1. e4 d6 2. d4 Nf6 3. Nc3 e5 4. Nf3 Nbd7 5. Bc4 Be7 6. 0-0 0-0 7. Re1 c6 8. a4 b6 9. b3 Bb7 10. Bb2 a6 11. Qd2 b5 12. Bd3 Re8 13. Ne2 Bf8 14. Ng3 h6 15. c3 Qc7 16. c4 bxc4 17. Bxc4 exd4 18. Nxd4 d5 19. exd5 cxd5 20. Bf1 Ne4 21. Nxe4 dxe4 22. Rac1 Qd6 23. Qe3 Ne5 24. Qg3 Qf6 25. h3 Bd6 26. Qe3 Rad8 27. Ba1 Qg6 28. Rcd1 f5 29. Kh1 Nd3 30. Re2 Bf4 31. Rxd3 Bxe3 32. Rdxe3 f4 0-1

[Event "RUS-chT2"]
[Site "Sochi"]
[Date "2004.04.22"]
[Round "3.2"]
[White "Ivanov, Timur"]
[Black "Kostin, Alexey"]
[Result "1/2-1/2"]
[WhiteElo "2419"]
[BlackElo "2385"]
[PlyCount "85"]
[EventDate "2004.04.20"]
[EventType "team-tourn"]
[EventRounds "9"]
[EventCountry "RUS"]
[SourceTitle "CBM 100 Extra"]
[Source "ChessBase"]
[SourceDate "2004.07.06"]
[SourceVersion "2"]
[SourceVersionDate "2004.07.06"]
[SourceQuality "1"]
[WhiteTeam "06"]
[BlackTeam "04"]
[WhiteTeamCountry "RUS"]
[BlackTeamCountry "RUS"]

1. Nf3 c5 2. c4 e6 3. Nc3 Nf6 4. g3 b6 5. Bg2 Bb7 6. 0-0 Be7 7. d4 cxd4 8. Qxd4 0-0 9. Rd1 Nc6 10. Qf4 Rc8 11. b3 a6 12. e4 d6 13. Ba3 b5 14. Bxd6 Bxd6 15. Rxd6 Qa5 16. e5 bxc4 17. exf6 Qxc3 18. Rc1 Qxf6 19. Qxf6 gxf6 20. Rxc4 Rfd8 21. Rxd8+ Rxd8 22. Nd4 Ne5 23. Ra4 Bc8 24. Kf1 Rd6 25. Ke2 Bd7 26. Rb4 Kg7 27. f4 Ng4 28. h3 a5 29. Rc4 Nh6 30. g4 e5 31. Nc6 e4 32. Bxe4 f5 33. gxf5 Nxf5 34. Bxf5 Bxf5 35. Rc3 Rh6 36. Nxa5 Bxh3 37. Rg3+ Kf6 38. Nc4 Be6 39. Ne3 Rh2+ 40. Rg2 Rxg2+ 41. Nxg2 Kf5 42. Kf3 Bd5+ 43. Kg3 1/2-1/2

[Event "RUS-Cup01"]
[Site "Tomsk"]
[Date "2003.07.12"]
[Round "9"]
[White "Efimov, Arkadij"]
[Black "Ivanov, Timur"]
[Result "0-1"]
[WhiteElo "2283"]
[BlackElo "2454"]
[PlyCount "105"]
[EventDate "2003.07.04"]
[EventType "swiss"]
[EventRounds "9"]
[EventCountry "RUS"]
[SourceTitle "CBM 095 Extra"]
[Source "ChessBase"]
[SourceDate "2003.09.04"]
[SourceVersion "1"]
[SourceVersionDate "2003.09.04"]
[SourceQuality "1"]

1. d4 d6 2. c4 g6 3. Nc3 Bg7 4. e4 Nf6 5. Be2 0-0 6. Bg5 Na6 7. Qd2 e5 8. d5 Nc5 9. Bf3 a5 10. Nge2 c6 11. 0-0 cxd5 12. Bxf6 Bxf6 13. Nxd5 Bg5 14. Qc2 Bd7 15. Rfd1 Rc8 16. a4 f5 17. Nec3 Kh8 18. Nb5 Bc6 19. Ndc3 Rf6 20. Nd5 Rf7 21. Ndc3 Be7 22. Rd2 Qf8 23. Rad1 Rd8 24. b3 Ne6 25. Nd5 Bg5 26. Ne3 Bxb5 27. axb5 Bxe3 28. fxe3 f4 29. exf4 Rxf4 30. Qc3 b6 31. Rd3 Qe7 32. Rxd6 Nd4 33. Rxd8+ Qxd8 34. Re1 Qc7 35. Re3 Qc5 36. Kf1 Kg8 37. g3 Rf8 38. Kg2 h5 39. Bd1 Kg7 40. Qd2 Rf7 41. Re1 Qd6 42. Rf1 Rd7 43. Qg5 Ne6 44. Qf6+ Kh7 45. Kh1 Nc5 46. Qf3 Qe7 47. Bc2 Kg7 48. Rf2 Rd8 49. Kg2 Ne6 50. Qe3 Rd4 51. h4 Nc5 52. Qf3 Rd6 53. Qe3 0-1

[Event "RUS-Cup01"]
[Site "Tomsk"]
[Date "2003.07.11"]
[Round "8"]
[White "Ivanov, Timur"]
[Black "Okladnikov, Gennady"]
[Result "1-0"]
[WhiteElo "2454"]
[BlackElo "2240"]
[PlyCount "59"]
[EventDate "2003.07.04"]
[EventType "swiss"]
[EventRounds "9"]
[EventCountry "RUS"]
[SourceTitle "CBM 095 Extra"]
[Source "ChessBase"]
[SourceDate "2003.09.04"]
[SourceVersion "1"]
[SourceVersionDate "2003.09.04"]
[SourceQuality "1"]

1. d4 Nf6 2. Nf3 g6 3. c4 d6 4. Nc3 Bg7 5. e4 0-0 6. Be2 e5 7. 0-0 Nbd7 8. Re1 c6 9. Bf1 a5 10. dxe5 dxe5 11. Qc2 Qe7 12. Na4 h6 13. c5 Nh5 14. g3 Re8 15. Be3 Ra7 16. Nd2 Ndf6 17. Nc4 Be6 18. Nd6 Rf8 19. Nb6 Kh7 20. Rad1 Ng4 21. Bc1 a4 22. Nf5 Bxf5 23. exf5 Ngf6 24. h3 Ra5 25. Rd6 e4 26. fxg6+ fxg6 27. Bd2 Ra7 28. Bc3 Re8 29. Qd2 g5 30. g4 1-0

[Event "RUS-Cup01"]
[Site "Tomsk"]
[Date "2003.07.09"]
[Round "6"]
[White "Ivanov, Timur"]
[Black "Salinnikov, Denis Y"]
[Result "1/2-1/2"]
[WhiteElo "2454"]
[BlackElo "2338"]
[PlyCount "80"]
[EventDate "2003.07.04"]
[EventType "swiss"]
[EventRounds "9"]
[EventCountry "RUS"]
[SourceTitle "CBM 095 Extra"]
[Source "ChessBase"]
[SourceDate "2003.09.04"]
[SourceVersion "1"]
[SourceVersionDate "2003.09.04"]
[SourceQuality "1"]

1. d4 Nf6 2. Nf3 g6 3. Bg5 Bg7 4. Nbd2 d5 5. e3 0-0 6. Bd3 Nbd7 7. 0-0 c5 8. c3 Re8 9. h3 e5 10. dxe5 Nxe5 11. Nxe5 Rxe5 12. Bf4 Re8 13. Re1 Bd7 14. Rc1 Bc6 15. b4 cxb4 16. cxb4 d4 17. e4 a6 18. a4 Qd7 19. b5 axb5 20. axb5 Bxb5 21. Rc7 Bxd3 22. Rxd7 Nxd7 23. e5 Nxe5 24. Bxe5 Rxe5 25. Rxe5 Bxe5 26. Nf3 Bc2 27. Qc1 Bd6 28. Nxd4 Be4 29. f3 Be5 30. Qc5 Bg3 31. Qc3 Bc6 32. Ne2 Bd6 33. Kf2 Bf8 34. Nd4 Ra2+ 35. Kg1 Ra3 36. Qb2 Bd5 37. Qb5 Ra1+ 38. Kf2 Ra2+ 39. Kf1 Ra1+ 40. Ke2 Ra2+ 1/2-1/2

[Event "RUS-Cup01"]
[Site "Tomsk"]
[Date "2003.07.08"]
[Round "5"]
[White "Ivanov, Timur"]
[Black "Yudin, Sergei"]
[Result "0-1"]
[WhiteElo "2454"]
[BlackElo "2384"]
[PlyCount "64"]
[EventDate "2003.07.04"]
[EventType "swiss"]
[EventRounds "9"]
[EventCountry "RUS"]
[SourceTitle "CBM 095 Extra"]
[Source "ChessBase"]
[SourceDate "2003.09.04"]
[SourceVersion "1"]
[SourceVersionDate "2003.09.04"]
[SourceQuality "1"]

1. Nf3 d5 2. g3 e6 3. Bg2 Nf6 4. c4 Be7 5. 0-0 0-0 6. b3 c5 7. Bb2 Nc6 8. e3 d4 9. exd4 cxd4 10. Re1 Re8 11. a3 a5 12. d3 Bf8 13. Ne5 Nxe5 14. Rxe5 Rb8 15. Nd2 Nd7 16. Re1 e5 17. Nf3 Bd6 18. Bc1 h6 19. Qc2 b5 20. Bd2 bxc4 21. Qxc4 Nc5 22. Nxe5 Rxe5 23. Rxe5 Nxb3 24. Bxa5 Nxa1 25. Rb5 Rxb5 26. Qxb5 Qg5 27. Bd5 Qe5 28. Bb4 Bh3 29. Qc4 Bxb4 30. Be4 Qh5 31. f3 Qg5 32. f4 Qg4 0-1